• 首页
  • 本馆介绍
  • 公告通知
  • 最新文献
  • 馆藏检索
  • 电子资源
  • 读者导购
  • 参考咨询
  • 我的图书馆
  • 登录
  • 详细信息显示
  • 放入我的书架
  • 预约/预借图书
  • 作者相关作品
  • 分类相关作品
  • 丛书相关作品
  • 出版社相关作品

书目信息

  • 表格格式
  • 工作单格式
  • 卡片格式
题名:
金属学原理
    
 
作者: 卡申柯 著 ;东北工学院冶金系金相热处理教研组 译
分册: 下册  
出版信息: 上海   龙门联合书局  1954
页数: 554页
开本: 20cm
丛书名:
单 册:
中图分类: TG11
科图分类:
主题词: 金属学 , 物理冶金学
电子资源:
ISBN:
000 00800nam0 2200229 450
001 0638268782
005 20060927104359.75
010    @dCNY1.30
091    @a15055.59
100    @a20060927d1954 km y0chiy0120 ea
101 0  @achi@crus
102    @aCN@b310000
200 1  @a金属学原理@h下册@Ajin shu xue yuan li@f(俄)Г.A.卡申柯著@F(e)Г.A.ka shen ke zhu@g东北工学院冶金系金相热处理教研组译@Gdong bei gong xue yuan ye jin xi jin xiang re chu li jiao yan zu yi
210    @a上海@c龙门联合书局@d1954
215    @a554页@d20cm
606 0  @a金属学
606 0  @a物理冶金学
690    @aTG11@v3
701  0 @a卡申柯@Aka shen ke@4著
712  0 @a东北工学院冶金系金相热处理教研组@Adong bei gong xue yuan ye jin xi jin xiang re chu li jiao yan zu@4译
801  0 @aCN@bNISOFT@c20060927
905    @dTG11@e37:2
    
    金属学原理.下册/(俄)Г.A.卡申柯著/东北工学院冶金系金相热处理教研组译.-上海:龙门联合书局,1954
    554页;20cm
    
    
    ISBN :CNY1.30
    
●
相关链接 在E读中查询图书 在五车中查询图书 在当当中查询图书 在豆瓣中查询图书


正题名:金属学原理     索取号:TG11/37:2         预约/预借

序号 登录号 条形码 馆藏地/架位号 状态 备注
1 0422218   204222180   密集书库/ [索取号:TG11/37:2] 在馆    
唐山师范学院图书馆 欢迎您!
大连网信软件有限公司© 版权所有